LEADER 01526nam a2200325 a 4500 001 000000116435 003 CaOOAMICUS 005 20240528164240.0 008 090624s2009 be u000 u fre r 020 $z978-90-429-2093-4* 032 $aLibriCat 040 $aPUL$bita$dDLB 041 0 $afre$aeng 245 03$aLa langage mental du Moyen âge à l'Âge classique /$csous la direction de Joël Biard. 260 $aLouvain-la-Neuve :$bEditions de l'Institut supérieur de philosophie ;$aLeuven ; Paris ; Dudley, MA :$bPeeters,$c2009. 300 $axv, 364 p. ;$c24 cm. 490 1 $aPhilosophes médiévaux ;$v50 504 $aBibliografia: p. [339]-358. 546 $aTesti in francese e inglese 650 4$aFilosofia del linguaggio$yEvo medio.$0(OLS)http://pul/subject/35559 700 1 $aBiard, Joël,$d1952-$0(OLS)http://pul/name/15871 830 0$aPhilosophes médiévaux ;$v50.$0(OLS)http://pul/title/165 850 $aPUL 852 $aPUL$W1$xSL Filosofia 2$y80$mPhil A3 50$j133449$qStampati Altre Collocazioni$B132480$CPULBib$Z2$F132480 $H110911 $82 941 1 $a10 996 $6020$z978-90-429-2093-4*$9(OLS)http://pul/number/141295 996 $6245$aLa langage mental du Moyen âge à l'Âge classique$9(OLS)http://pul/title/146323 996 $6260$aLouvain-la-Neuve :$bEditions de l'Institut supérieur de philosophie$9(OLS)http://pul/publisher/51223 996 $6260$aLeuven ; Paris ; Dudley, MA :$bPeeters$9(OLS)http://pul/publisher/79080 LEADER 01323nam a2200313 a 4500 001 000000125768 003 CaOOAMICUS 005 20110620154747.0 008 110620s1964 it u000 u ita r 040 $aPUL$bita 041 1 $aita$hfre 082 04$a234 100 1 $aJournet, Charles,$ccard.,$d1891-1975.$0(OLS)http://pul/name/6270 240 10$aDogme, chemin de la Foi$lItaliano.$0(OLS)http://pul/title/158700 245 13$aIl dogma cammino della fede /$cdi Charles Journet. 260 $aCatania :$bEdizioni Paoline,$c1964. 300 $a119 p. ;$c18 cm 490 1 $aEnciclopedia cattolica dell'uomo d'oggi. Sezione I. Ragione e fede ;$v04 504 $aBibliografia in nota. 650 4$aDogmi.$0(OLS)http://pul/subject/2500 650 4$aFede (dogma).$0(OLS)http://pul/subject/38124 830 0$aEnciclopedia cattolica dell'uomo d'oggi.$nSezione 1,$pRagione e fede ;$v04.$0(OLS)http://pul/title/38336 850 $aPUL 852 $aPUL$W1$xSL Religione 3$y85$m234 JOUCH 1$j144875$qDDC 21$B143884$CPULBib$Z2$F143884 $H117509 $82 941 1 $a9 996 $6082$a234$9(OLS)http://pul/classification/573 996 $6245$aIl dogma cammino della fede$9(OLS)http://pul/title/158699 996 $6260$aCatania :$bEdizioni Paoline$9(OLS)http://pul/publisher/48234